000 00429cam a2200181ua 4500
001 3958
008 111210n ii |||gr||||Z||||||asm
040 _cMAIN
082 _a891.4511
100 1 _aPujari, Gyan,
245 1 1 _aPuwa gadhulir bali
_cby Gyan Pujari
250 _a1st.
260 _aGuwahati:
_bStudents stores,992.
300 _a55p:
_c23cm.
653 _aAssamese poem
653 _aPuwa gadhulir bali
942 _cBK
999 _c3780
_d3780